[Event "14th Open"]
[Site "Guingamp-Pabu FRA"]
[Date "2010.02.24"]
[Round "6"]
[White "Serafimov,Di"]
[Black "Genov,Peta"]
[Result "0-1"]
[WhiteElo "2267"]
[BlackElo "2473"]

1.c4 c6 2.Nf3 Nf6 3.e3 d5 4.d4 a6 5.Nc3 b5 6.b3 Bg4 7.Qc2 e6 8.Bd3 Nbd7 9.Bb2 Rc8
10.O-O Bd6 11.Nd2 O-O 12.c5 Bb8 13.f4 Qe7 14.Rae1 g6 15.b4 Bf5 16.Nf3 Nh5
17.g3 Bxd3 18.Qxd3 f5 19.a4 Ndf6 20.axb5 axb5 21.Ra1 Ne4 22.Ne2 g5 23.Ne5 gxf4
24.exf4 Qb7 25.Bc1 Bc7 26.Be3 Ra8 27.Kg2 Nhf6 28.Bf2 Kg7 29.Rfb1 Ra6 30.h3 h5
31.Ng1 Rfa8 32.Rxa6 Rxa6 33.Rb2 Qa8 34.Ngf3 Ra3 35.Qb1 Nxf2 36.Rxf2 Ne4 37.Rb2 Bxe5
38.fxe5 Rxf3 39.Kxf3 Qa3+ 40.Kg2 Qxg3+ 41.Kh1 Qxh3+ 42.Rh2 Ng3+ 43.Kg1 Qg4
44.Qa1 h4 45.Qa7+ Kg6 46.Qe7 Qd1+ 47.Kf2 Qe2+  0-1

[Event "XIII Open"]
[Site "Malaga ESP"]
[Date "2010.02.24"]
[Round "6"]
[White "Cuenca Jimenez,F"]
[Black "Moreno Cervera,J"]
[Result "1-0"]
[WhiteElo "2205"]
[BlackElo "1929"]

1.c4 c6 2.Nf3 d5 3.b3 Bf5 4.g3 e6 5.Bg2 Be7 6.Bb2 Nf6 7.O-O O-O 8.d4 Nbd7
9.Nc3 h6 10.Rc1 a5 11.Nd2 Bb4 12.Re1 Bxc3 13.Bxc3 Ne4 14.Nxe4 dxe4 15.Qd2 Qg5
16.Red1 Qxd2 17.Rxd2 a4 18.d5 cxd5 19.cxd5 e5 20.Bb4 Rfc8 21.Rdd1 axb3 22.axb3 Rxc1
23.Rxc1 Ra2 24.g4 Bxg4 25.Rc8+ Kh7 26.Bxe4+ f5 27.Bc2 e4 28.f3 exf3 29.exf3 Bh3
30.f4 Nb6 31.d6 Nxc8 32.d7 Rxc2 33.d8=Q Rg2+ 34.Kh1 Rf2 35.Bc5 Rf1+ 36.Bg1 Na7
37.Qd3 Rxg1+ 38.Kxg1 Bg4 39.h3 Bh5 40.Qxf5+ Bg6 41.Qd7 Nc6 42.f5  1-0

[Event "XIII Open"]
[Site "Malaga ESP"]
[Date "2010.02.24"]
[Round "6"]
[White "Lopez Guerrero,J"]
[Black "Camacho Dominguez,F"]
[Result "0-1"]
[WhiteElo "2001"]
[BlackElo "1832"]

1.c4 c6 2.Nc3 d5 3.cxd5 cxd5 4.Nf3 Nf6 5.d4 Nc6 6.Bg5 Ne4 7.Nxe4 dxe4 8.d5 exf3
9.dxc6 Qxd1+ 10.Rxd1 f6 11.Bd2 fxe2 12.Bxe2 bxc6 13.Bf3 Bd7 14.Ba5 Rb8 15.O-O e5
16.Rxd7 Kxd7 17.Rd1+ Bd6 18.Bc3 Rhd8 19.Be4 g6 20.g4 Rbc8 21.h4 Ke6 22.h5 f5
23.Bc2 fxg4 24.hxg6 hxg6 25.a3 g3 26.f3 Bc5+ 27.Kg2 Bf2 28.Bxg6 Rh8 29.f4 Rh2+
30.Kf3 exf4 31.Bd3 Be3 32.Bc4+ Kf5 33.Bd3+ Kg5  0-1

[Event "Reykjavik Open"]
[Site "Reykjavik ISL"]
[Date "2010.02.24"]
[Round "1"]
[White "Johannesson,I"]
[Black "Johannsson,O"]
[Result "1-0"]
[WhiteElo "2330"]
[BlackElo "1710"]

1.c4 c6 2.Nf3 d5 3.d4 Nf6 4.Nc3 e6 5.Bg5 dxc4 6.e4 b5 7.e5 h6 8.Bh4 g5 9.Nxg5 hxg5
10.Bxg5 Nbd7 11.g3 Bb7 12.Bg2 Qb6 13.exf6 O-O-O 14.O-O c5 15.d5 Nb8 16.Qg4 b4
17.dxe6 fxe6 18.Bxb7+ Kxb7 19.Ne2 Qc6 20.Nf4 e5 21.Ng6 Rg8 22.Nxe5  1-0

[Event "GMA"]
[Site "Nancy FRA"]
[Date "2010.02.25"]
[Round "6"]
[White "Pelletier,Y"]
[Black "Brunner,N"]
[Result "1/2-1/2"]
[WhiteElo "2602"]
[BlackElo "2420"]

1.c4 c6 2.e4 d5 3.exd5 cxd5 4.d4 Nf6 5.Nc3 Nc6 6.Nf3 Bg4 7.cxd5 Nxd5 8.Qb3 Bxf3
9.gxf3 e6 10.Qxb7 Nxd4 11.Bb5+ Nxb5 12.Qc6+ Ke7 13.Qxb5 Qd7 14.Bg5+ f6 15.Nxd5+ Qxd5
16.Qxd5 exd5 17.Be3 Ke6 18.O-O-O Bb4 19.Rd3 Rhd8 20.a3 Rac8+ 21.Kb1 Bc5 22.Re1 Kf7
23.Red1 Ke6 24.Re1 Kf7 25.Rc1 Bxe3 26.fxe3 Rxc1+ 27.Kxc1 Rc8+ 28.Kd2 Ke6
29.Rd4 Rb8 30.b4 g5 31.a4 a6 32.Kd3 f5 33.b5 axb5 34.Rb4 h5 35.axb5 Rb6 36.Kd4 Kd6
37.Rb2 g4 38.fxg4 fxg4 39.e4 dxe4 40.Kxe4 Kc5 41.Kf4 Rxb5 42.Rxb5+ Kxb5 43.Kg5  1/2-1/2

[Event "Reykjavik Open"]
[Site "Reykjavik ISL"]
[Date "2010.02.25"]
[Round "2"]
[White "Tozer,Philip"]
[Black "Johannsdottir,J"]
[Result "1-0"]
[WhiteElo "2119"]
[BlackElo "1705"]

1.c4 c6 2.e4 d5 3.exd5 cxd5 4.cxd5 Nf6 5.Bb5+ Nbd7 6.Nc3 g6 7.d4 Bg7 8.d6 O-O
9.dxe7 Qxe7+ 10.Nge2 a6 11.Ba4 b5 12.Bb3 Bb7 13.O-O Rfe8 14.Nf4 Qd6 15.Be3 Nb6
16.Re1 Rad8 17.Rc1 Ne4 18.Nce2 a5 19.a3 g5 20.Nh5 Bh6 21.Neg3 Nd5 22.Nf5 Qg6
23.Nxh6+ Qxh6 24.h4 Nxe3 25.Rxe3 gxh4 26.Rc7 Bd5 27.Bxd5 Rxd5 28.Rxe4 Rxe4
29.Rc8+  1-0

[Event "Angora GM Schev"]
[Site "Ankara TUR"]
[Date "2010.02.26"]
[Round "10"]
[White "Paikidze,N"]
[Black "Firat,B"]
[Result "1/2-1/2"]
[WhiteElo "2278"]
[BlackElo "2413"]

1.c4 c6 2.e4 d5 3.exd5 cxd5 4.d4 Nf6 5.Nc3 e6 6.Nf3 Be7 7.Bd3 O-O 8.O-O Nc6
9.cxd5 Nxd5 10.a3 Nxc3 11.bxc3 b6 12.Qe2 Bb7 13.Qe4 g6 14.Bh6 Re8 15.Bb5  1/2-1/2

[Event "Gotth' Art Cup IM"]
[Site "Szentgotthard HUN"]
[Date "2010.02.26"]
[Round "5"]
[White "Paschall,W"]
[Black "Feher,Ad"]
[Result "1-0"]
[WhiteElo "2398"]
[BlackElo "2260"]

1.c4 c6 2.Nf3 d5 3.d4 Nf6 4.Nc3 e6 5.Bg5 h6 6.Bxf6 Qxf6 7.e3 Nd7 8.Bd3 dxc4
9.Bxc4 g6 10.O-O Bg7 11.Qc2 O-O 12.Bb3 Qe7 13.Ne4 e5 14.d5 cxd5 15.Bxd5 Nb6
16.Bb3 Bf5 17.Qc5 Rfe8 18.Qxe7 Rxe7 19.Nd6 Bd3 20.Rfc1 Rd8 21.Nxf7 Rxf7 22.Bxf7+ Kxf7
23.Rc7+ Rd7 24.Rac1 Bb5 25.Rxd7+ Nxd7 26.Rc7 Bc6 27.Nd2 Ke7 28.Rc8 Bf8 29.Nc4 Nb6
30.Nxb6 axb6 31.f3 Kf7 32.Kf2 b5 33.h4 e4 34.b3 Be7 35.Kg3 Bd6+ 36.Kf2 Be7
37.Kg3 Bd6+ 38.Kf2 h5 39.Ra8 Be7 40.Kg3 Bb4 41.Kf2 Bd6 42.Rc8 Kf6 43.Rd8 Be7
44.Ra8 Kf5 45.Kg3 b4 46.Ra5+ Ke6 47.Ra8 Bf6 48.Rg8 Kf7 49.Rc8 Bc3 50.Kf2 Bb2
51.Kg3 Bc3 52.Kf2 Ke7 53.Ra8 Bb5 54.Rb8 Ba6 55.Rg8 Kf7 56.Rc8 Bb2 57.Kg3 Be5+
58.Kf2 Bd3 59.Ra8 Bf6 60.Kg3 Bb2 61.Ra7 Ba6 62.Ra8 Be5+ 63.Kf2 Bc3 64.Rc8 Bd2
65.Rd8 Bc1 66.Rd4 Ba3 67.Rxe4 Bd3 68.Rd4 Bb1 69.Rd2 Bf5 70.e4 Be6 71.Rc2 Kf6
72.Ke3 b6 73.g3 Ke7 74.Kf4 Kf6 75.g4  1-0

[Event "Max Euwe Challenge"]
[Site "Amsterdam NED"]
[Date "2010.02.27"]
[Round "8"]
[White "Riemersma,L"]
[Black "Kleijn,C"]
[Result "0-1"]
[WhiteElo "2431"]
[BlackElo "2359"]

1.c4 c6 2.e4 d5 3.exd5 cxd5 4.cxd5 Nf6 5.Bc4 Nxd5 6.Nc3 Nb6 7.Bb3 Nc6 8.Nf3 Bf5
9.d4 e6 10.O-O Be7 11.a4 O-O 12.a5 Nd5 13.a6 bxa6 14.Nxd5 exd5 15.Rxa6 Na5
16.Ne5 Bc8 17.Nc6 Nxc6 18.Rxc6 Bb7 19.Rc3 Ba6 20.Qh5 Bxf1 21.Bc2 f5 22.Rh3 h6
23.Bxf5 Rf6 24.Kxf1 Qe8 25.Qg4 Qf7 26.Rf3 Rf8 27.Bd7 Rxf3 28.Be6 Rxf2+ 29.Ke1 Rf1+  0-1

[Event "ch-IND National Teams"]
[Site "Gurgaon IND"]
[Date "2010.02.27"]
[Round "9"]
[White "Deshmukh,A"]
[Black "Sundararajan,K"]
[Result "1/2-1/2"]
[WhiteElo "2271"]
[BlackElo "2526"]

1.c4 c6 2.Nc3 d5 3.d4 Nf6 4.cxd5 cxd5 5.Bf4 Nc6 6.e3 e6 7.Bd3 a6 8.Rc1 Be7
9.h3 Bd7 10.Nf3 O-O 11.a3 Qa5 12.O-O Rfc8 13.Qe2 Be8 14.Rc2 Qd8 15.Rfc1 h6
16.Nd2 Bd6 17.Bxd6 Qxd6 18.f4 Ne7 19.Nf3 Nd7 20.g4 f6 21.Qh2 Kh8 22.Kh1 Bg6
23.Bxg6 Nxg6 24.f5 Qxh2+ 25.Kxh2 exf5 26.Nxd5 Rxc2+ 27.Rxc2 fxg4 28.hxg4 Ndf8
29.Kg3 Ne6 30.Nb6 Re8 31.d5 Nd8 32.Kf2 Nf7 33.Rc8  1/2-1/2

[Event "Reykjavik Open"]
[Site "Reykjavik ISL"]
[Date "2010.02.27"]
[Round "4"]
[White "Tozer,Philip"]
[Black "Johannsson,O"]
[Result "1/2-1/2"]
[WhiteElo "2119"]
[BlackElo "1710"]

1.c4 c6 2.Nf3 Nf6 3.g3 d5 4.Bg2 e6 5.b3 Be7 6.Bb2 Nbd7 7.O-O O-O 8.d4 b6
9.Nbd2 Bb7 10.Rc1 c5 11.e3 Rc8 12.Qe2 Re8 13.Rfd1 Qc7 14.cxd5 exd5 15.Ne5 Bd6
16.Nxd7 Nxd7 17.Nb1 Qb8 18.dxc5 Rxc5 19.Bxg7 Rxc1 20.Rxc1 Kxg7 21.Qg4+ Kf8
22.Qxd7 Re5 23.Nd2 Bc5 24.Nf3 Re6 25.Ng5 Re7 26.Qf5 h6 27.Qf6 Qe5 28.Qxh6+ Ke8
29.Nh7 Re6 30.Qh4 Bxe3 31.Rf1 Bd2 32.Qa4+ Bc6 33.Qxa7 Qg7 34.Qb8+ Ke7 35.Qc7+ Ke8
36.Bh3 Rh6 37.Bf5 d4 38.Qb8+ Ke7 39.Qxb6 Qe5 40.Qa7+ Ke8 41.Qa6 Qxf5 42.Qe2+ Qe4
43.Qxe4+ Bxe4 44.Rd1 Bxh7 45.Rxd2 d3 46.f3 Kd7 47.h4 Kd6 48.Kf2 Re6 49.g4 Kd5
50.f4 Kd4 51.f5 Re8 52.Rd1 Re2+ 53.Kf3 f6 54.a4 Rb2 55.Kf4 Bg8 56.g5 Bxb3
57.Rg1 d2 58.gxf6 d1=Q 59.Rxd1+ Bxd1 60.f7 Rb8 61.Kg5 Rf8 62.Kg6 Bb3 63.h5 Rxf7
64.h6 Ke5 65.h7 Rxh7 66.Kxh7 Kxf5  1/2-1/2

[Event "Reykjavik Open"]
[Site "Reykjavik ISL"]
[Date "2010.02.27"]
[Round "5"]
[White "Halldorsson,G"]
[Black "Vaarala,E"]
[Result "0-1"]
[WhiteElo "2197"]
[BlackElo "2032"]

1.c4 c6 2.d4 d5 3.cxd5 cxd5 4.Nf3 Nc6 5.Nc3 Nf6 6.Bf4 a6 7.e3 e6 8.Bd3 Bd6
9.Bg3 b5 10.Rc1 Bb7 11.O-O Rc8 12.Ne5 Bxe5 13.dxe5 Nd7 14.f4 g6 15.Bb1 Nb6
16.Bf2 h5 17.b3 b4 18.Ne2 Ne7 19.e4 Nd7 20.Rxc8 Qxc8 21.f5 dxe4 22.fxe6 fxe6
23.Ng3 e3 24.Bxe3 Nf5 25.Bf2 Nc5 26.Qc2 Nd7 27.Qd2 Qc3 28.Qg5 Nxe5 29.Re1 O-O
30.Be4 Nxg3 31.Qxg3 Bxe4 32.Rxe4 Ng4 33.Bd4 Qxg3 34.hxg3 e5 35.Bc5 Rc8 36.Bxb4 Rc1+
37.Be1 Ra1 38.Re2 Kf7 39.Kf1 Ke6 40.Rb2 Kf5 41.Ke2 Ke4 42.a4 Ne3 43.Bd2 Nf5
44.Kf2 Kd3 45.Ba5 Rd1 46.b4 e4 47.Rb3+ Kc4 48.Rb2 e3+ 49.Ke2 Rg1 50.Rc2+ Kb3
51.Rc5 Rxg2+ 52.Kf3 Rxg3+ 53.Kf4 Rg4+ 54.Kf3 Kxa4 55.Re5 Rg1  0-1

[Event "Reykjavik Open"]
[Site "Reykjavik ISL"]
[Date "2010.02.27"]
[Round "5"]
[White "Kjartansson,G"]
[Black "Thorgeirsson,S"]
[Result "1-0"]
[WhiteElo "2391"]
[BlackElo "2176"]

1.c4 c6 2.e4 d5 3.exd5 Nf6 4.Nc3 cxd5 5.cxd5 g6 6.Bb5+ Bd7 7.Bc4 Qb6 8.d3 Bg7
9.h3 O-O 10.Nf3 Na6 11.O-O Rad8 12.Re1 Rfe8 13.Re2 Nc7 14.Be3 Qa5 15.Bd2 Qc5
16.Be3 Qa5 17.b4 Qxb4 18.Rc1 b5 19.Bb3 Qa5 20.Bd4 Bf5 21.Ne5 Qa6 22.Nc6 Rd7
23.Bxf6 Bxf6 24.g4 b4 25.Bc4 Qb7 26.Qb3 Bxd3 27.Bxd3 Bxc3 28.Rxc3 Nxd5 29.Rc1 Nf4
30.Bc4 Nxe2+ 31.Bxe2 Rc7 32.Bf3 Rec8 33.Qc4 Kg7 34.Qd4+ f6 35.Qc4 Qb6 36.Kg2 a5
37.Qe6 a4 38.Nd8 Qxe6 39.Nxe6+ Kf7 40.Rxc7 Rxc7 41.Nxc7 b3 42.Bd5+  1-0

[Event "IFPX Categoria A"]
[Site "Sao Paulo BRA"]
[Date "2010.02.27"]
[Round "6"]
[White "Filguth,R"]
[Black "Jukemura,R"]
[Result "0-1"]
[WhiteElo "2410"]
[BlackElo "2048"]

1.c4 c6 2.Nc3 d5 3.cxd5 cxd5 4.d4 Nf6 5.Bf4 Nc6 6.e3 Qb6 7.Qd2 Bf5 8.f3 e6
9.Bb5 Bb4 10.Nge2 O-O 11.Bxc6 Qxc6 12.Rc1 Qa6 13.a3 Be7 14.Kf2 b5 15.Na2 Rfc8
16.Rxc8+ Rxc8 17.Rc1 Rc4 18.h3 h5 19.Rc3 Qc8 20.b3 Rxc3 21.Qxc3 Qxc3 22.Nexc3 a6
23.b4 Bc2 24.Bc7 Bd3 25.Nc1 Bc4 26.Nd1 Ne8 27.Bb6 Kf8 28.Nb2 Nd6 29.Bc5 Nb7
30.Ncd3 a5 31.Bxe7+ Kxe7 32.Nc5 axb4 33.axb4 Nd8 34.Nbd3 Nc6 35.h4 f6 36.f4 Kd6
37.Kf3 Bxd3 38.Nxd3 e5 39.fxe5+ fxe5 40.dxe5+ Nxe5+ 41.Nxe5 Kxe5 42.g3 Kf5
43.Kf2 Ke4 44.Ke2 g6 45.Kf2 Kd3 46.Kf3 Kc4  0-1

[Event "Reykjavik Open"]
[Site "Reykjavik ISL"]
[Date "2010.02.28"]
[Round "6"]
[White "Lenderman,A"]
[Black "Arngrimsson,D"]
[Result "1-0"]
[WhiteElo "2560"]
[BlackElo "2383"]

1.c4 c6 2.d4 d5 3.Nf3 Nf6 4.Nc3 Ne4 5.g3 Nxc3 6.bxc3 dxc4 7.Bg2 Nd7 8.a4 g6
9.O-O Qa5 10.Qc2 Nb6 11.Ba3 Nd5 12.Rfc1 Bh6 13.e3 Bf5 14.Qb2 Qb6 15.Qe2 Bd3
16.Qd2 Be4 17.Bc5 Qd8 18.Qe2 b6 19.Ba3 b5 20.Ne5 Bxg2 21.Kxg2 Rc8 22.Bc5 Bg7
23.Bxa7 Bxe5 24.dxe5 Qc7 25.axb5 cxb5 26.e4 Nb6 27.Qb2 O-O 28.Qxb5 Nd7 29.Bd4 Rb8
30.Qa5 Qc6 31.Qd5 Qxd5 32.exd5 Rb5 33.e6 Nc5 34.exf7+ Kxf7 35.Ra7 Nb7 36.Re1 Re8
37.Be3 Rd8 38.Bg5 Rd7 39.Re4 h6 40.Bxh6  1-0

[Event "Bundesliga 2009-10"]
[Site "Solingen GER"]
[Date "2010.02.28"]
[Round "11"]
[White "Janssen,Ru"]
[Black "Buhmann,R"]
[Result "1/2-1/2"]
[WhiteElo "2520"]
[BlackElo "2603"]

1.c4 c6 2.Nf3 d5 3.e3 Nf6 4.Nc3 a6 5.Qc2 e6 6.b3 c5 7.Bb2 Nc6 8.a3 Be7 9.Bd3 b6
10.O-O Bb7 11.cxd5 exd5 12.Ne2 g6 13.Nf4 O-O 14.h4 Qd6 15.h5 Ng4 16.Be2 d4
17.hxg6 hxg6 18.Nxd4 Nxd4 19.Bxd4 cxd4 20.Bxg4 Bg5 21.Ne6 d3 22.Qc7 Qxc7
23.Nxc7 Ra7 24.Rfc1 Bf6 25.Rab1 Be5 26.b4 Rd8 27.b5 a5 28.Na6 Bd5 29.f4 Bf6
30.Rc8 Rxc8 31.Bxc8 Ba2 32.Rc1 Bb2 33.Rc6 Bxa3 34.Rxb6 Bc4 35.Rb8 Bd6 36.b6 Bxb8
37.Nxb8 Ra8 38.Nc6 Bd5 39.b7 Bxc6 40.bxa8=Q Bxa8 41.Bd7 Kf8 42.g4 Ke7 43.Bb5 Kd6
44.Kf2 Kc5 45.Be8 Bd5 46.e4 Bxe4 47.Ke3 Bd5 48.Kxd3 Bb3  1/2-1/2

[Event "48th XtraCon TCh-DEN 2009-10"]
[Site "Denmark DEN"]
[Date "2010.03.03"]
[Round "9"]
[White "Hansen,Ev"]
[Black "Baekgaard,M"]
[Result "1/2-1/2"]
[WhiteElo "2164"]
[BlackElo "2287"]

1.c4 c6 2.g3 d5 3.Nf3 Nf6 4.Bg2 dxc4 5.a4 g6 6.Na3 Bg7 7.Nxc4 O-O 8.O-O Na6
9.d3 Re8 10.Bd2 Nd5 11.Rc1 e5 12.Qc2 Qe7 13.Ng5 Ndb4 14.Qb3 h6 15.Ne4 Be6
16.Qa3 Rad8 17.Be3 b6 18.a5 Bxc4 19.Rxc4 c5 20.axb6 axb6 21.Rcc1 Qe6 22.Nc3 Nc7
23.Qa4 f5 24.Nb5 Ncd5 25.Bd2 Qd7 26.Bxb4 Nxb4 27.Qb3+ Kh7 28.Nc3 Qe6 29.Qxe6 Rxe6
30.Ra1 Rd7 31.Rfd1 Re8 32.h4 Red8 33.Bf3 h5 34.Rdc1 Bh6 35.Rd1 Kg7 36.Kg2 Nc2
37.Bc6 Rc7 38.Ra8 Rxa8 39.Bxa8 Ra7 40.Bd5 Kf8 41.Kf1 Bg7 42.e3 Bf6 43.Ke2 Nb4
44.Bc4 Kg7  1/2-1/2

[Event "81st ch-GER"]
[Site "Bad Liebenzell GER"]
[Date "2010.03.05"]
[Round "1"]
[White "Mueller,Oli"]
[Black "Fiebig,T"]
[Result "0-1"]
[WhiteElo "2297"]
[BlackElo "2428"]

1.c4 c6 2.d4 d5 3.Nf3 Nf6 4.cxd5 cxd5 5.Nc3 Nc6 6.e3 a6 7.Ne5 e6 8.f4 Nd7
9.Bd3 Ndxe5 10.fxe5 f5 11.exf6 Qxf6 12.Qf3 Qxf3 13.gxf3 Be7 14.O-O O-O 15.f4 Bd7
16.Bd2 b5 17.Rac1 g6 18.Be2 b4 19.Nd1 Bd6 20.Nf2 Ne7 21.Ng4 Bb5 22.Rfe1 Rfc8
23.Bf3 Nf5 24.Ne5 a5 25.b3 Bxe5 26.fxe5 Bd3 27.Rc5 Rxc5 28.dxc5 Rc8 29.Rc1 Ne7
30.e4 Bxe4 31.Bxe4 dxe4 32.Rc4 Nd5 33.Rxe4 Rxc5 34.Rc4 Rxc4 35.bxc4 Nc3 36.c5 Kf7
37.a3 Nb1  0-1

[Event "TCh-ISL 2009-10"]
[Site "Rekjavik ISL"]
[Date "2010.03.05"]
[Round "5"]
[White "Gretarsson,Hj"]
[Black "Bergsson,Sn"]
[Result "1-0"]
[WhiteElo "2320"]
[BlackElo "2338"]

1.c4 c6 2.d4 d5 3.Nf3 e6 4.e3 f5 5.Bd3 Nf6 6.O-O Bd6 7.b3 Qe7 8.a4 O-O 9.Ba3 Bxa3
10.Nxa3 Ne4 11.Ne5 Nd7 12.f4 Nxe5 13.fxe5 Bd7 14.Nc2 a5 15.Qc1 b6 16.Qa3 c5
17.Rad1 Rac8 18.Qb2 dxc4 19.Bxc4 Bc6 20.dxc5 bxc5 21.Ne1 Rb8 22.Qc2 Kh8 23.Nd3 g5
24.Nb2 Qc7 25.Nd3 Rfe8 26.Rc1 Rbd8 27.Rfd1 Qb8 28.Qb2 Bd5 29.Bb5 Rf8 30.Nxc5 Nxc5
31.Rxc5 Qb6 32.Qc3 f4 33.Rcxd5 exd5 34.e6+ d4 35.Rxd4  1-0

[Event "TCh-ISL 2009-10"]
[Site "Rekjavik ISL"]
[Date "2010.03.06"]
[Round "7"]
[White "Halldorsson,G"]
[Black "Ingason,S"]
[Result "1-0"]
[WhiteElo "2229"]
[BlackElo "1941"]

1.c4 c6 2.d4 d5 3.cxd5 cxd5 4.Nf3 Nf6 5.Nc3 Nc6 6.Bf4 a6 7.e3 Bf5 8.Ne5 e6
9.g4 Nxe5 10.gxf5 Nc6 11.fxe6 fxe6 12.Bh3 Kf7 13.Qb3 Na5 14.Qc2 Rc8 15.O-O g5
16.Be5 Nc4 17.f4 g4 18.f5 Nxe3 19.fxe6+ Kxe6 20.Qe2 Nxf1 21.Bxf6+ Kxf6 22.Rxf1+  1-0

[Event "26th ChessOrg Schachfestival"]
[Site "Bad Woerishofen GER"]
[Date "2010.03.08"]
[Round "3"]
[White "Tennstedt,A"]
[Black "Gradl,W"]
[Result "1-0"]
[WhiteElo "2199"]
[BlackElo "2035"]

1.c4 c6 2.e4 d5 3.exd5 cxd5 4.d4 Nf6 5.Nc3 e6 6.c5 Be7 7.Nf3 O-O 8.Qc2 b6
9.b4 a5 10.Na4 bxc5 11.bxc5 Ba6 12.Bxa6 Rxa6 13.Qd3 Nfd7 14.Bf4 Ra7 15.O-O Nc6
16.Qb5 Qc8 17.Rab1 Bf6 18.Nb6 Qb7 19.Nxd5 Qxb5 20.Nxf6+ Nxf6 21.Rxb5 Rd8
22.Rfb1 Nd5 23.Bd2 f6 24.a3 Nc7 25.Rb7 Rxb7 26.Rxb7 Nxd4 27.Rxc7 Nxf3+ 28.gxf3 Rxd2
29.Ra7 Rd3 30.c6 Rd8 31.Rd7  1-0

[Event "11th EICC Women"]
[Site "Rijeka CRO"]
[Date "2010.03.08"]
[Round "3"]
[White "Guramishvili,S"]
[Black "Semenova,E"]
[Result "1-0"]
[WhiteElo "2266"]
[BlackElo "2195"]

1.c4 c6 2.Nf3 d5 3.e3 Nf6 4.Qc2 g6 5.b3 Bg7 6.Bb2 Na6 7.cxd5 cxd5 8.Bxa6 bxa6
9.Qc6+ Bd7 10.Qxa6 O-O 11.O-O Ne4 12.Bxg7 Kxg7 13.Nc3 Nc5 14.Qa3 Nd3 15.Ne1 Bf5
16.Nxd3 Bxd3 17.Rfc1 e6 18.Na4 Qg5 19.Qb2+ Kg8 20.f4 Qf5 21.Nc5 Rfd8 22.Qd4 Bb5
23.a4 Be8 24.b4 f6 25.Rf1 Bf7 26.Rac1 Rac8 27.b5 Be8 28.h3 h5 29.Qb4 Rb8
30.d3 g5 31.e4 dxe4 32.dxe4 Qg6 33.Nxe6  1-0

[Event "81st ch-GER"]
[Site "Bad Liebenzell GER"]
[Date "2010.03.10"]
[Round "6"]
[White "Natsidis,C"]
[Black "Siebrecht,S"]
[Result "1/2-1/2"]
[WhiteElo "2270"]
[BlackElo "2457"]

1.c4 c6 2.d4 d5 3.cxd5 cxd5 4.Nf3 Nc6 5.Bf4 Nf6 6.Nc3 a6 7.e3 Bg4 8.Bd3 e6
9.O-O Bd6 10.Bxd6 Qxd6 11.h3 Bxf3 12.Qxf3 O-O 13.Qd1 Rfc8 14.Na4 Nd7 15.Rc1 Na5
16.Rxc8+ Rxc8 17.Qb1 g6 18.Rc1 Rc6 19.Rxc6 Nxc6 20.Nc3 Nb6 21.Qc1 Kg7 22.Be2 Na5
23.b3 Nc6 24.Bf1 Qb4 25.g3 h5 26.h4 Qe7 27.Nb1 Qd6 28.Nc3 Kf8 29.Ne2 Nd7
30.Nf4 Ke7 31.Nd3 Nb4 32.Nxb4 Qxb4 33.Qc7 Qb6 34.Qxb6 Nxb6 35.Bd3 Kd6 36.Kf1 Kc6
37.Ke2 Nd7 38.Kd2 Kb6 39.Kc3 Nf6 40.f3 Ka5 41.Be2 Ne8 42.Bf1 Kb6 43.Be2 Kc6
44.Bd3 b5 45.Kb4 Kb6 46.Kc3 a5 47.Kd2 b4 48.Ke2 Kc6 49.Kf2 Kd6 50.g4 Ng7
51.g5 e5 52.dxe5+ Kxe5 53.f4+ Ke6 54.e4 dxe4 55.Bxe4 Kd6 56.Ke3 Kc5 57.Bd3 Nf5+
58.Bxf5 gxf5 59.Kd3 Kd5 60.Ke3  1/2-1/2

[Event "Frauenbundesliga 2009-10"]
[Site "Germany GER"]
[Date "2010.03.13"]
[Round "8"]
[White "Pfau,B"]
[Black "Klink,Ta"]
[Result "0-1"]
[WhiteElo "2131"]
[BlackElo "2289"]

1.c4 c6 2.Nf3 d5 3.e3 Nf6 4.Qc2 g6 5.b3 Bg7 6.Bb2 Bf5 7.d3 O-O 8.Nbd2 Nbd7
9.Be2 Re8 10.O-O e5 11.e4 Bg4 12.h3 Bxf3 13.Nxf3 Nh5 14.g3 Nf8 15.Nh4 Nf4
16.Kh2 N8e6 17.Nf3 Nxe2 18.Qxe2 Nd4 19.Nxd4 exd4 20.cxd5 cxd5 21.Qf3 dxe4
22.dxe4 Qa5 23.Qd3 Qa6 24.Qf3 Rac8 25.Rad1 Rc2 26.Ba1 Rxa2 27.Rfe1 Rd8 28.Kg2 Qc6
29.Rd3 Qa6 30.Rdd1 d3 31.Bxg7 Kxg7 32.Re3 d2 33.Re2 Qd3 34.Re3 Qd4 35.e5 Qd5
36.Re4 Rc2 37.e6 fxe6 38.Qe2 Rc1 39.f3 Qd3 40.Kf2 Qxe2+ 41.Kxe2 Rxd1 42.Kxd1 Rd3
43.Rxe6 Kf7 44.Re2 Rxf3 45.Rxd2 Rxb3 46.Rd7+ Kg8 47.g4 Rxh3 48.Rxb7 Rg3 49.Rb4 Kg7
50.Ra4 Kf6 51.Rxa7 h6 52.Ke2 Rxg4 53.Kf3 h5 54.Ra6+ Kg5 55.Ra5+ Kh4 56.Ra1 Rg3+
57.Kf2 g5 58.Rh1+ Rh3 59.Rg1 Rh2+ 60.Kf3 g4+ 61.Kf4 Rf2+ 62.Ke3 Rf5 63.Ke4 Kg5
64.Rh1 g3 65.Ra1 Kg4 66.Ke3 g2 67.Ke2 h4 68.Ra4+ Kg3  0-1

[Event "11th EICC Women"]
[Site "Rijeka CRO"]
[Date "2010.03.14"]
[Round "8"]
[White "Mkrtchian,L"]
[Black "Ziaziulkina,N"]
[Result "0-1"]
[WhiteElo "2500"]
[BlackElo "2188"]

1.c4 c6 2.e4 d5 3.exd5 cxd5 4.d4 Nf6 5.Nc3 Nc6 6.Nf3 e6 7.c5 Ne4 8.Qc2 Nxc3
9.Qxc3 Be7 10.Bb5 O-O 11.Bxc6 bxc6 12.O-O Qc7 13.Re1 f6 14.b4 a5 15.a3 axb4
16.axb4 Bd7 17.Bd2 Qb7 18.Rab1 Qb5 19.h4 Ra2 20.h5 Rfa8 21.Qe3 Qb8 22.Rb3 Qe8
23.h6 g5 24.Nh2 Qh5 25.f4 g4 26.b5 cxb5 27.c6 Bc8 28.Rxb5 Bd6 29.Bb4 Rb2
30.Bxd6 Rxb5 31.Qe2 Qh4 32.Rf1 Rba5 33.Nxg4 Ra1 34.Ne3 R8a2 35.Qf3 Qxh6 36.f5 Qh4
37.Bf4 Ba6 38.c7 Rxf1+ 39.Nxf1 Ra1 40.fxe6 Kg7 41.e7 Bxf1 42.e8=N+ Kh8 43.Qa3 Rxa3
44.c8=Q Ba6 45.Qc1 Ra2 46.Be3 Qe4  0-1

[Event "11th EICC Women"]
[Site "Rijeka CRO"]
[Date "2010.03.16"]
[Round "10"]
[White "Dzagnidze,N"]
[Black "Molchanova,T"]
[Result "1-0"]
[WhiteElo "2479"]
[BlackElo "2369"]

1.c4 c6 2.Nf3 d5 3.d4 Nf6 4.Nc3 dxc4 5.a4 Bf5 6.Ne5 e6 7.g3 Bb4 8.Bg2 Be4
9.f3 Bg6 10.e4 c5 11.Be3 Nc6 12.Nxc6 bxc6 13.dxc5 Qxd1+ 14.Rxd1 Nd7 15.Kf2 O-O-O
16.Bf1 Ne5 17.Be2 f5 18.Na2 Ba5 19.Bf4 Nd3+ 20.Bxd3 Rxd3 21.Rxd3 cxd3 22.b4 Bc7
23.Bxc7 Kxc7 24.Ke3 fxe4 25.fxe4 Rf8 26.Nc1 d2 27.Nd3 Rb8 28.a5 e5 29.Rd1 Re8
30.Rxd2 Bf7 31.b5 cxb5 32.Nb4 Bc4 33.g4 Re6 34.Rf2 Rf6 35.Rf5 Rxf5 36.exf5 h6
37.h4 Kd7 38.Ke4 g5 39.fxg6 Ke6 40.g7 Kf6 41.c6 Kxg7 42.Kxe5 Kf7 43.g5 hxg5
44.hxg5 Bf1 45.Kd6 Kg6 46.Kc7 Kxg5 47.Kb8 Kf6 48.Kxa7 Ke5 49.Kb6 Kd6 50.a6  1-0

[Event "IGM Apatin & Vukovar"]
[Site "Banja Junakovic/Vukovar SRB/CRO"]
[Date "2010.03.18"]
[Round "7"]
[White "Goric,E"]
[Black "Szuhanek,R"]
[Result "0-1"]
[WhiteElo "2368"]
[BlackElo "2496"]

1.c4 c6 2.g3 d5 3.Bg2 Nf6 4.Nf3 e6 5.Qc2 dxc4 6.Qxc4 b5 7.Qb3 Bb7 8.O-O Nbd7
9.d4 a6 10.a4 c5 11.axb5 Bd5 12.Qd3 Be4 13.Qb3 c4 14.Qd1 axb5 15.Rxa8 Qxa8
16.Bf4 Be7 17.Nbd2 Bc6 18.Qc2 Nd5 19.e4 Nxf4 20.gxf4 O-O 21.b3 cxb3 22.Qxb3 b4
23.Bh3 Bb5 24.Rc1 Qa3 25.Rb1 Bd3 26.Re1 Qxb3 27.Nxb3 Nf6 28.Nfd2 Nh5 29.f5 Nf4
30.Bf1 exf5 31.exf5 Bd6 32.Nc4 Bxc4 33.Bxc4 Rc8 34.Rc1 Kf8 35.Kf1 Rc7 36.Rc2 h5
37.Nd2 Nd5 38.h3 Nf4 39.Ne4 Be7 40.f6 Bxf6 41.Nxf6 gxf6 42.d5 Nxd5 43.Rd2 Rxc4
44.Rxd5 h4 45.Rb5 Kg7 46.Ke2 Kg6 47.Ke3 f5 48.Rb8 Kf6 49.Kd3 Rc3+ 50.Kd4 Rf3
51.Rxb4 Rf4+ 52.Kc5 Rxb4 53.Kxb4 Ke5 54.Kc3 Ke4 55.Kd2 Kf3 56.Ke1 f6 57.Kf1 f4
58.Kg1 Ke2 59.Kg2 f3+ 60.Kg1 f5  0-1

[Event "Bundesliga 2009-10"]
[Site "Katernberg GER"]
[Date "2010.03.20"]
[Round "12"]
[White "Bischoff,K"]
[Black "Rogozenco,D"]
[Result "1-0"]
[WhiteElo "2561"]
[BlackElo "2541"]

1.c4 c6 2.Nf3 d5 3.e3 Nf6 4.Nc3 e6 5.b3 Nbd7 6.Qc2 Bd6 7.Bb2 O-O 8.Be2 dxc4
9.Bxc4 b5 10.Be2 Bb7 11.O-O a6 12.Rac1 c5 13.a4 b4 14.Nb1 e5 15.d3 e4 16.dxe4 Nxe4
17.Nbd2 Ndf6 18.Nc4 Bc7 19.Nfe5 Qe7 20.f4 Nc3 21.Bf3 Bxf3 22.Rxf3 Nfe4 23.Bxc3 Nxc3
24.Nd3 Rad8 25.Nf2 f5 26.g4 fxg4 27.Nxg4 Bxf4 28.exf4 Ne2+ 29.Kg2 Nxf4+ 30.Kh1 Ne2
31.Nce5 Nxc1 32.Qc4+ Rf7 33.Rxf7  1-0

[Event "TCh-SUI 2010"]
[Site "Switzerland SUI"]
[Date "2010.03.21"]
[Round "2.2"]
[White "Forster,Ri"]
[Black "Sermier,G"]
[Result "0-1"]
[WhiteElo "2438"]
[BlackElo "2402"]

1.c4 c6 2.e4 e5 3.Nf3 d6 4.d4 Nd7 5.Nc3 Ngf6 6.Be2 Be7 7.O-O O-O 8.Rb1 Qc7
9.b4 a6 10.a4 b6 11.Qc2 Re8 12.Be3 Bf8 13.Rfe1 g6 14.c5 bxc5 15.bxc5 dxc5
16.dxe5 Nxe5 17.Nxe5 Qxe5 18.f4 Qe7 19.Bf3 Bg4 20.Qf2 Bxf3 21.gxf3 Rab8 22.e5 Nh5
23.Rxb8 Rxb8 24.Ne2 Rb2 25.Bxc5 Qd7 26.Bxf8 Nxf4 27.Kh1 Rxe2 28.Qh4 Qd2 29.Rg1 Kxf8
30.Qxh7 Nd5 31.Qh8+ Ke7 32.Qh4+ Kd7 33.Rb1 Rxe5 34.Rb7+ Kc8 35.Rb8+ Kxb8
36.Qd8+ Kb7 37.Qd7+ Kb6 38.Qd8+ Kc5 39.Qa5+ Qxa5  0-1

[Event "Victor Ciocaltea Mem"]
[Site "Bucharest ROU"]
[Date "2010.03.23"]
[Round "1"]
[White "Enchev,I"]
[Black "Murariu,A"]
[Result "1/2-1/2"]
[WhiteElo "2418"]
[BlackElo "2479"]

1.c4 c6 2.d4 d5 3.e3 Nf6 4.Nf3 Bf5 5.Nc3 e6 6.Bd3 Bg6 7.Ne5 Nbd7 8.Nxg6 hxg6
9.Bd2 Bd6 10.h3 dxc4 11.Bxc4 O-O 12.O-O Qe7 13.Qc2 Rac8 14.Ne4 Nxe4 15.Qxe4  1/2-1/2

[Event "TOP 16 GpB"]
[Site "Chalons en Champagne FRA"]
[Date "2010.03.27"]
[Round "2"]
[White "Doncea,V"]
[Black "Van Wely,L"]
[Result "0-1"]
[WhiteElo "2475"]
[BlackElo "2639"]

1.c4 c6 2.Nf3 d5 3.g3 Nf6 4.Bg2 dxc4 5.Na3 b5 6.Ne5 Qc7 7.d4 Bb7 8.O-O e6
9.b3 c3 10.Qd3 Nbd7 11.Nxd7 Qxd7 12.Nc2 b4 13.a3 a5 14.axb4 axb4 15.Rxa8+ Bxa8
16.Bg5 Be7 17.Qc4 Qb7 18.Bxf6 gxf6 19.Ra1 O-O 20.Ra5 Rd8 21.Rh5 Bf8 22.Qd3 h6
23.Ne3 Qa7 24.Rh4 f5 25.Nxf5 exf5 26.Qxf5 Rxd4 27.Be4 Rxe4 28.Rxe4 Qa1+ 29.Kg2 c5  0-1